| Tag |
First Indicator |
Second Indicator |
Subfields |
| LEADER |
00000cam a2200000 a 4500 |
| 001 |
in00000644530 |
| 005 |
20151015064337.0 |
| 008 |
800730s1980 dcu 00010 engm |
| 010 |
|
|
|a 80082030
|
| 020 |
|
|
|a 030903082X
|
| 035 |
|
|
|a (OCoLC)06610638
|
| 035 |
|
|
|9 ACW2804AM
|
| 040 |
|
|
|a DLC
|c DLC
|d m.c.
|d TXA
|d UtOrBLW
|
| 043 |
|
|
|a n-us---
|
| 049 |
|
|
|a TXAM
|c [385128]
|
| 050 |
0 |
0 |
|a TA654.6
|b .N37 1980
|
| 082 |
0 |
|
|a 624.1/51
|2 19
|
| 110 |
2 |
|
|a National Research Council (U.S.).
|b Panel on Earthquake Problems Related to the Siting of Critical Facilities.
|
| 245 |
1 |
0 |
|a Earthquake research for the safer siting of critical facilities /
|c Panel on Earthquake Problems Related to the Siting of Critical Facilities, Committee on Seismology, Assembly of Mathematical and Physical Sciences, National Research Council.
|
| 264 |
|
1 |
|a Washington, D.C. :
|b National Academy of Sciences,
|c 1980.
|
| 300 |
|
|
|a ix, 49 pages ;
|c 23 cm.
|
| 336 |
|
|
|a text
|b txt
|2 rdacontent
|
| 337 |
|
|
|a unmediated
|b n
|2 rdamedia
|
| 338 |
|
|
|a volume
|b nc
|2 rdacarrier
|
| 650 |
|
0 |
|a Earthquake engineering
|x Research
|z United States.
|
| 650 |
|
0 |
|a Energy facilities
|x Location
|x Research
|z United States.
|
| 999 |
|
|
|a MARS
|
| 999 |
f |
f |
|s 290db135-985b-3c1c-9c08-230687e030ec
|i 38df9621-c055-362f-997d-ff912e73c64d
|t 0
|
| 952 |
f |
f |
|p normal
|a Texas A&M University
|b College Station
|c Sterling C. Evans Library
|d Evans: Library Stacks
|t 0
|e TA654.6 .N37 1980
|h Library of Congress classification
|i unmediated -- volume
|m A14805333146
|
| 998 |
f |
f |
|a TA654.6 .N37 1980
|t 0
|l Evans: Library Stacks
|